00482 a2200169 450000100060000002000190000604000370002510000240006224000250008624500200011130000080013136200090013965000230014894200070017195201170017899900170029575354 a97885356628395 cAnchieta - Colégio São Paulo aAlbergaria, Lino de10aO livro da Lolalpor10aO livro da Lola a1350 a2011 4aLiteratura juvenil cBK 00104070a88.1b88.1d2023-11-22l1oLJ 028.5 A329lp6855/CSPr2024-07-09 11:56:50s2024-07-09w2023-11-22yBK c75354d75354